La insurreción proletaria de Asturias / (Record no. 108175)

MARC details
000 -LEADER
campo de control de longitud fija 00685nam a2200205 4500
001 - NÚMERO DE CONTROL
campo de control 108175
003 - IDENTIFICADOR DE NÚMERO DE CONTROL
campo de control ES-MaACL
005 - FECHA Y HORA DE LA ÚLTIMA TRANSACCIÓN
campo de control 20230906184608.0
007 - CAMPO FIJO DE DESCRIPCIÓN FÍSICA--INFORMACIÓN GENERAL
campo de control de longitud fija t|
008 - DATOS DE LONGITUD FIJA--INFORMACIÓN GENERAL
campo de control de longitud fija 061121s1977 sp r ||||1| spa d
100 1# - ENTRADA PRINCIPAL--NOMBRE DE PERSONA
Nombre de persona Molins y Fábrega, Narciso.
9 (RLIN) 82021
245 13 - MENCIÓN DEL TÍTULO
Título La insurreción proletaria de Asturias /
Mención de responsabilidad, etc. Narciso Molins y Fábrega; traducción de Carmen García Ribas.
260 ## - PUBLICACIÓN, DISTRIBUCIÓN, ETC.
Lugar de publicación, distribución, etc. Madrid :
Nombre del editor, distribuidor, etc. Júcar,
Fecha de publicación, distribución, etc. 1977.
300 ## - DESCRIPCIÓN FÍSICA
Extensión 231 p. ;
Dimensiones 20 cm.
490 1# - MENCIÓN DE SERIE
Mención de serie Crónica general de España ;
Designación de volumen o secuencia vol. 12
700 1# - ENTRADA AGREGADA--NOMBRE PERSONAL
Nombre de persona García Ribas, Carmen.
9 (RLIN) 55175
830 0# - PUNTO DE ACCESO ADICIONAL DE SERIE-TÍTULO UNIFORME
Título uniforme Crónica general de España ;
Designación de volumen o secuencia vol. 12
9 (RLIN) 181791
852 ## - LOCALIZACIÓN
Ubicación ES-MaACL
Número de control de estantería A-9139
Sublocalización o colección R.97968
Holdings
Estatus retirado Estado de pérdida Estado de daño No para préstamo Biblioteca de origen Biblioteca actual Ubicación en estantería Fecha de adquisición Fuente de adquisición Total de préstamos Signatura topográfica completa Código de barras Visto por última vez Precio de reemplazo Tipo de ítem Koha
        Biblioteca del Ateneo de Madrid Biblioteca del Ateneo de Madrid Depósito 1 17/01/2008     A-9139 1112881 23/02/2023 23/02/2023 Libro impreso